[Event "Reunion op 21st"]
[Site "St Denis"]
[Date "2019.10.20"]
[Round "4"]
[White "Mohamed, Keziah"]
[Black "Sandjivy, Yann"]
[Result "1-0"]
[WhiteElo "1033"]
[BlackElo "1120"]
[PlyCount "65"]
[EventDate "2019.10.20"]
[EventType "swiss"]
[EventRounds "9"]
[EventCountry "RUF"]
[SourceTitle "CBM 192 Extra"]
[Source "Chessbase"]
[SourceDate "2019.11.06"]
[SourceVersion "1"]
[SourceVersionDate "2019.11.06"]
[SourceQuality "1"]

1. d4 Nc6 2. e3 Nf6 3. Nd2 e5 4. c3 exd4 5. exd4 Bd6 6. Bd3 0-0 7. Ne2 Ng4 8. h3 Nf6 9. 0-0 b6 10. f4 Bb7 11. Nf3 Qe8 12. Ng3 Na5 13. Ne5 Qe6 14. Qe2 c5 15. Nf5 Qd5 16. Nxd6 Qxd6 17. Rd1 Qd5 18. Bc2 c4 19. Re1 Nh5 20. Be4 Qe6 21. Bxb7 Nxb7 22. Qxh5 b5 23. g4 Qa6 24. Nxd7 Rfd8 25. Re7 Nd6 26. f5 Qa4 27. Bf4 b4 28. Bxd6 g6 29. Nf6+ Kg7 30. Qxh7+ Kxf6 31. Qxf7+ Kg5 32. Qxg6+ Kh4 33. Qh5# 1-0

[Event "Reunion op 21st"]
[Site "St Denis"]
[Date "2019.10.20"]
[Round "7"]
[White "Naquin, Miguel"]
[Black "Sandjivy, Yann"]
[Result "0-1"]
[WhiteElo "1009"]
[BlackElo "1120"]
[PlyCount "64"]
[EventDate "2019.10.20"]
[EventType "swiss"]
[EventRounds "9"]
[EventCountry "RUF"]
[SourceTitle "EXT 2021"]
[Source "ChessBase"]
[SourceDate "2020.10.23"]
[SourceVersion "1"]
[SourceVersionDate "2020.10.23"]
[SourceQuality "1"]

1. e4 e5 2. Nc3 Nf6 3. Bb5 Bc5 4. Nge2 a6 5. Bc4 Ng4 6. Na4 Nxf2 7. 0-0 Nxd1+ 8. Nxc5 Qe7 9. b4 b6 10. Nd3 b5 11. Bd5 Nc6 12. Ba3 Qg5 13. Raxd1 d6 14. Bxc6+ Kf8 15. Bxa8 Bh3 16. Rf2 Ke7 17. Bd5 c6 18. Bxc6 f5 19. exf5 e4 20. Bxe4 Qg4 21. Nef4 Qxd1+ 22. Rf1 Qg4 23. Nd5+ Ke8 24. N5f4 Rf8 25. Nxh3 Qxe4 26. Ng5 Qa8 27. Re1+ Kd7 28. Nxh7 Rxf5 29. Bb2 Qa7+ 30. Nf2 Qxf2+ 31. Kh1 Qf1+ 32. Rxf1 Rxf1# 0-1

[Event "Reunion op 21st"]
[Site "St Denis"]
[Date "2019.10.20"]
[Round "1"]
[White "Sandjivy, Yann"]
[Black "De Peindray D'Ambell, Philippe"]
[Result "0-1"]
[WhiteElo "1120"]
[BlackElo "1724"]
[PlyCount "50"]
[EventDate "2019.10.20"]
[EventType "swiss"]
[EventRounds "9"]
[EventCountry "RUF"]
[SourceTitle "CBM 192 Extra"]
[Source "Chessbase"]
[SourceDate "2019.11.06"]
[SourceVersion "1"]
[SourceVersionDate "2019.11.06"]
[SourceQuality "1"]

1. e4 c5 2. Nc3 g6 3. Nf3 Bg7 4. d4 cxd4 5. Nxd4 Nc6 6. Nxc6 bxc6 7. Qd2 Nf6 8. Bc4 0-0 9. 0-0 Qc7 10. Qe2 d6 11. Ba6 Bg4 12. Qe3 Nd7 13. Be2 Be6 14. Re1 a5 15. f3 a4 16. a3 Rfb8 17. Bd3 c5 18. f4 Bd4 19. Nb5 Bxe3+ 20. Rxe3 Qb6 21. b3 axb3 22. cxb3 Bxb3 23. Rb1 c4 24. Rxb3 cxb3 25. Bc4 b2 0-1

[Event "Reunion op 21st"]
[Site "St Denis"]
[Date "2019.10.20"]
[Round "5"]
[White "Sandjivy, Yann"]
[Black "Parame, Bruno"]
[Result "0-1"]
[WhiteElo "1120"]
[BlackElo "1199"]
[PlyCount "36"]
[EventDate "2019.10.20"]
[EventType "swiss"]
[EventRounds "9"]
[EventCountry "RUF"]
[SourceTitle "CBM 192 Extra"]
[Source "Chessbase"]
[SourceDate "2019.11.06"]
[SourceVersion "1"]
[SourceVersionDate "2019.11.06"]
[SourceQuality "1"]

1. e4 e6 2. Nf3 g6 3. d4 Bg7 4. Bd3 d6 5. 0-0 Ne7 6. Bg5 Nbc6 7. d5 Na5 8. Bb5+ Bd7 9. Bxd7+ Qxd7 10. Qd2 Nc4 11. Qb4 Bxb2 12. Nc3 a5 13. Qxb7 0-0 14. Rab1 Bxc3 15. Bf6 Bxf6 16. Qb3 Ne5 17. Rb2 a4 18. Qb4 Nxf3+ 0-1

[Event "Reunion op 20th"]
[Site "St Denis"]
[Date "2018.10.18"]
[Round "6"]
[White "Sandjivy, Jean Marc"]
[Black "Sandjivy, Yann"]
[Result "0-1"]
[WhiteElo "1271"]
[BlackElo "1010"]
[PlyCount "68"]
[EventDate "2018.10.14"]
[EventType "swiss"]
[EventRounds "9"]
[EventCountry "RUF"]
[SourceTitle "CBM 187 Extra"]
[Source "ChessBase"]
[SourceDate "2018.11.04"]
[SourceVersion "1"]
[SourceVersionDate "2018.11.04"]
[SourceQuality "1"]

1. c4 d6 2. d4 e5 3. d5 Qf6 4. Nc3 Nh6 5. Bxh6 gxh6 6. Nf3 c5 7. Ne4 Qf5 8. Qd3 Na6 9. h3 Nb4 10. Qb1 Bd7 11. e3 Ba4 12. Be2 Nc2+ 13. Kd2 Nxa1 14. Qxa1 Qxe4 15. b3 Qf5 16. bxa4 e4 17. Nh2 Rg8 18. Qb1 Rb8 19. Bg4 Qxf2+ 20. Kd1 Qxg2 21. Rf1 Qxh2 22. Qa1 Bg7 23. Qb1 Qg2 24. Qc2 Qxf1+ 25. Kd2 f5 26. Bh5+ Ke7 27. Be2 Qf2 28. Kc1 Qxe3+ 29. Kb1 f4 30. Bg4 h5 31. Be6 Rgf8 32. h4 Qe1+ 33. Qc1 Qb4+ 34. Qb2 Qxb2# 0-1

[Event "Reunion op 20th"]
[Site "St Denis"]
[Date "2018.10.15"]
[Round "2"]
[White "Padre, Maxime"]
[Black "Sandjivy, Yann"]
[Result "1-0"]
[WhiteElo "1353"]
[BlackElo "1010"]
[PlyCount "39"]
[EventDate "2018.10.14"]
[EventType "swiss"]
[EventRounds "9"]
[EventCountry "RUF"]
[SourceTitle "CBM 187 Extra"]
[Source "ChessBase"]
[SourceDate "2018.11.04"]
[SourceVersion "1"]
[SourceVersionDate "2018.11.04"]
[SourceQuality "1"]

1. Nf3 Nc6 2. d4 Nf6 3. c4 e6 4. Nc3 Bb4 5. Bd2 Bxc3 6. Bxc3 Ne4 7. e3 Nxc3 8. bxc3 0-0 9. Be2 f5 10. 0-0 b6 11. d5 exd5 12. cxd5 Ne7 13. Bc4 b5 14. d6+ bxc4 15. dxe7 Qxe7 16. Qd5+ Kh8 17. Qxa8 Qe4 18. Qxe4 fxe4 19. Nd4 c5 20. Ne2 1-0

[Event "Reunion op 18th"]
[Site "St Denis"]
[Date "2016.10.13"]
[Round "5"]
[White "Sandjivy, Yann"]
[Black "Padre, Bryan"]
[Result "0-1"]
[WhiteElo "1009"]
[BlackElo "1110"]
[PlyCount "54"]
[EventDate "2016.10.10"]
[EventType "swiss"]
[EventRounds "7"]
[EventCountry "RUF"]
[SourceTitle "CBM 175 Extra"]
[Source "ChessBase"]
[SourceDate "2016.12.12"]
[SourceVersion "1"]
[SourceVersionDate "2016.12.12"]
[SourceQuality "1"]

1. e4 e5 2. Nc3 Nf6 3. Nf3 Nc6 4. g3 Bc5 5. Bg2 0-0 6. 0-0 a6 7. d4 exd4 8. Na4 Bb4 9. e5 Nxe5 10. c4 d6 11. Nc5 Bxc5 12. Nh4 Qd7 13. Nf5 Qxf5 14. g4 Qe6 15. Re1 Qd7 16. Bf4 Ng6 17. Rb1 Bb4 18. Re2 Nxf4 19. g5 Nxg2 20. Kxg2 Re8 21. Rxe8+ Qxe8 22. Qxd4 Qe1 23. Rc1 Bd2 24. Qa7 Rxa7 25. a3 Bxc1 26. c5 dxc5 27. b4 cxb4 0-1